Music Quiz

Random Music or Song Quiz

Lyrics: 'Cryin' by Aerosmith Quiz Stats

 Plays Quiz not verified by Sporcle

Challenge
Share
Tweet
Embed
Score 0/298 Timer 09:00
0 Plays Today
% Correct
I
99.6%
I
99.6%
I
99.6%
I
99.6%
I
99.6%
I
99.6%
Chorus:
99.6%
I
99.6%
I
99.6%
I
99.6%
I
99.6%
:Chorus
99.6%
I
99.6%
I
99.6%
I
99.6%
I
99.6%
I
99.6%
I
99.6%
I
99.6%
I
99.6%
I
99.6%
I
99.6%
CHORUS
99.6%
you
99%
you
99%
you
99%
you
99%
you
99%
you
99%
you
99%
You
99%
you
99%
you
99%
you
99%
you
99%
you
99%
you
99%
you
99%
you
99%
you
99%
you
99%
you
99%
you
99%
you
99%
you
99%
When
98.6%
when
98.6%
when
98.6%
when
98.6%
when
98.6%
was
98.5%
was
98.5%
was
98.5%
was
98.5%
was
98.5%
was
98.5%
was
98.5%
was
98.5%
was
98.5%
cryin'
98.1%
cryin'
98.1%
cryin'
98.1%
cryin'
98.1%
cryin'
98.1%
cryin'
98.1%
me
97.8%
me
97.8%
me
97.8%
me
97.8%
me
97.8%
me
97.8%
to
97.6%
to
97.6%
to
97.6%
to
97.6%
to
97.6%
to
97.6%
to
97.6%
to
97.6%
to
97.6%
to
97.6%
to
97.6%
to
97.6%
a
96.7%
a
96.7%
cry
96.7%
a
96.7%
(Now
96.2%
Now
96.2%
Now
96.2%
Now
96.2%
Now
96.2%
Now
96.2%
Now
96.2%
Now
96.2%
Now
96.2%
Love
95.8%
love
95.8%
Love
95.8%
love
95.8%
% Correct
love
95.8%
love
95.8%
love
95.8%
love,
95.8%
love,
95.8%
love
95.8%
love
95.8%
met
95.5%
I'm
95.5%
I'm
95.5%
met
95.5%
I'm
95.5%
I'm
95.5%
met
95.5%
I'm
95.5%
I'm
95.5%
The
94.4%
the
94.4%
the
94.4%
the
94.4%
the
94.4%
the
94.4%
the
94.4%
forget
93.6%
forget
93.6%
forget
93.6%
tryin'
92.6%
tryin'
92.6%
tryin'
92.6%
in
92.4%
in
92.4%
in
92.4%
so
92.1%
is
91.9%
is
91.9%
Is
91.9%
is
91.9%
is
91.9%
Do
91.4%
do
91.4%
Do
91.4%
do
91.4%
Do
91.4%
do,
91.4%
do
91.4%
There
91.2%
of
91%
of
91%
of
91%
time
90.8%
what
90.4%
What
90.4%
what
90.4%
what
90.4%
what
90.4%
what
90.4%
dyin'
89.4%
dyin'
89.4%
dyin'
89.4%
broken
88%
on
87.9%
on
87.9%
on
87.9%
on
87.9%
mine
87.6%
hearted
87.2%
your
87.2%
Your
87.2%
your
87.2%
your
87.2%
Your
87.2%
That
87.1%
that
87.1%
that
87.1%
friend
86.8%
wasn't
86.1%
much
85.8%
'Cause
85.1%
just
85.1%
'cause
85.1%
just
85.1%
cause
85.1%
'Cause
85.1%
just
85.1%
just
85.1%
have
85%
have
85%
let
84.3%
let
84.3%
let
84.3%
down
84%
down
84%
down
84%
and
83.9%
and
83.9%
and
83.9%
sweet
83.6%
sweet
83.6%
sweet
83.6%
sweet
83.6%
% Correct
get
83.2%
get
83.2%
get
83.2%
heart
82.3%
kind
81.8%
kind
81.8%
misery
81.1%
misery
81.1%
misery
81.1%
All
80.8%
all
80.8%
be
80.8%
got
80%
got
80%
got
80%
got
80%
turned
79.8%
tables
79.4%
can't
78.6%
can't
78.6%
my
77.5%
my
77.5%
know
77.3%
know
77.3%
want
76.8%
yeah
75.8%
Yeah
75.8%
Yeah,
75.8%
Yeah,
75.8%
killin'
74.7%
we're
74.4%
We're
74.4%
kiss
74.3%
way
72.5%
resist
71.9%
resist
71.9%
It's
70.5%
It's
70.5%
It's
70.5%
one
68.8%
one
68.8%
need
66.9%
something
65.8%
away
65.4%
away
65.4%
breath
65.2%
someone
64%
parted
63.8%
thing
63.7%
say
62.7%
ways
62.4%
kissed
61.9%
been
61.9%
makin'
61.6%
tell
61.3%
mind,
61.1%
not
60.9%
takes
59.2%
certain
57.9%
by
57.3%
devil's
56.6%
listen)
56.5%
girl
56.3%
crime
56.2%
same
55.8%
partners
55.8%
pain
54.7%
them
54.4%
gotta
54.2%
street
54.2%
there's
54%
Between
53.3%
Must
52.4%
room
52.3%
give
50.6%
give
50.6%
pleasure
50.3%
out
49.8%
breathin'
49.4%
even
48%
If
47.7%
fire
47.1%
word
45.8%
our
44.5%
our
44.5%
Baby,
40.6%
baby,
40.6%
baby
40.6%
up
40.5%
where
36.9%
goes
36.7%
flames
34.2%
Ain't
32.3%
ain't
32.3%
should
27.1%
stay
24.8%
Till
23.8%
inside
20.7%

You're not logged in!

Compare scores with friends on all Sporcle quizzes.
OR
Log In

You Might Also Like...

Show Comments

Extras

Created Sep 9, 2013SourceReportNominate
Tags:Song Quiz, aerosmith

Top Quizzes Today


Score Distribution

Your Account Isn't Verified!

In order to create a playlist on Sporcle, you need to verify the email address you used during registration. Go to your Sporcle Settings to finish the process.

Report this User

Report this user for behavior that violates our Community Guidelines.

Details: